Statistics for Countries with Irish embassies

Click here to take the quiz!

General Stats

  • This quiz has been taken 83 times
  • The average score is 50 of 62

Answer Stats

ContinentCountry% Correct
South AmericaBrazil
98%
South AmericaArgentina
97%
OceaniaAustralia
97%
EuropeAustria
97%
EuropeUnited Kingdom
95%
North AmericaUnited States of America
95%
EuropeFinland
94%
EuropePortugal
94%
AfricaSouth Africa
94%
EuropeSpain
94%
EuropeSweden
94%
North AmericaCanada
92%
AsiaChina
92%
AsiaJapan
92%
EuropeNorway
92%
EuropeFrance
91%
EuropeGermany
91%
EuropeItaly
91%
EuropePoland
91%
EuropeSwitzerland
91%
EuropeCroatia
89%
EuropeDenmark
89%
EuropeEstonia
89%
EuropeGreece
89%
Asia/ EuropeRussia
89%
EuropeCzech Republic
88%
EuropeLithuania
88%
EuropeHungary
86%
AsiaIndia
86%
EuropeLatvia
86%
AfricaEgypt
85%
EuropeSlovakia
85%
Europethe Netherlands
85%
Asia/ EuropeTurkey
85%
AsiaIndonesia
83%
EuropeLuxembourg
83%
North AmericaMexico
83%
EuropeBelgium
82%
AsiaIsrael
82%
EuropeRomania
80%
EuropeSlovenia
80%
AsiaSouth Korea
80%
AsiaThailand
80%
AsiaUnited Arab Emirates
80%
AsiaVietnam
80%
EuropeBulgaria
79%
EuropeCyprus
77%
EuropeMalta
77%
AfricaNigeria
77%
EuropeVatican City
76%
AsiaSaudi Arabia
73%
AfricaEthiopia
71%
AfricaKenya
71%
AfricaZambia
71%
AsiaMalaysia
67%
AfricaUganda
65%
AsiaSingapore
62%
AfricaTanzania
61%
AfricaMozambique
41%
AfricaMalawi
30%
AsiaPalestine
27%
AfricaSierra Leone
20%

Score Distribution

Percentile by Number Answered

Percent of People with Each Score

Your Score History

You have not taken this quiz